000 00334 a2200157 4500
001 172192
020 _a
040 _cMagnum
100 _aMachado, Ana Maria
240 1 0 _aSurpresa na sombra
_lpor
245 1 0 _aSurpresa na sombra
362 0 _a1899
440 1 _aMelhoramentos
697 _aI/AVENTURA, CRIANCAS
942 _cBK
999 _c172192
_d172192